00808nam a2200217 a 450000100100000000500170001000800410002702000150006804000250008308200140010810000340012224500950015625000120025126000570026330000360032065000490035665000290040570000270043495201120046199900170057300003893620201002031428.0130507s1978 sp ac 000 0 spa d a8432952036 aDO-SdBNPbspacBNPHU a747bssss1 aPey Estrany, Santiago.96520210aPintura, empleado y recubrimientos : /cSantiago Pey Estrany; fotografía Marti Rey Grau. a3a. ed. aBarcelona :bEnciclopedia CEAC del Bricolaje,c1978. a181 p. :bil., retrs. ;c28 cm.12aReparaciones domésticas.xBricolage96520312aTrabajos manuales9652041 aRey Grau, Marti965205 001050718MOaPDbPDcCTd2013-05-07iLF1l0o747 ssssp38936-10r2020-06-25w2020-06-25y1ZNo se presta c38426d38426